| 000 | 00636cam a2200229 a 4500 | ||
|---|---|---|---|
| 001 | 000009607 | ||
| 005 | 20240306172149.0 | ||
| 008 | 010116s2000 sp 000 f spa d | ||
| 020 | _a8401014093 | ||
| 035 | _a(SpBaP)pu010000677 | ||
| 040 |
_aDO-SdBNP _cDLC _dBNPHU |
||
| 082 |
_aCh863.44 _bA432r |
||
| 100 | 1 |
_aAllende, Isabel, _d1942- _924166 |
|
| 245 | 1 | 0 |
_aRetrato en sepia / _cIsabel Allende. |
| 260 |
_aBarcelona : _bPlaza & Janés, _cc2000. |
||
| 300 |
_a343 p. ; _c26 cm. |
||
| 650 | 4 |
_aNovela chilena _93163 |
|
| 650 | 4 |
_aLiteratura chilena _93164 |
|
| 910 | _aCatalogación por copia / LC | ||
| 910 | _aWM | ||
| 049 | _aBNGR | ||
| 999 |
_c9367 _d9367 |
||